Elvis Presley Famous Songs - Statistics

General Stats
  • This quiz has been taken 306 times
  • The average score is 17 of 63
Answer Stats
Year Pos. Answer Streams % Correct
1956 1 Hound Dog 238,217,708
82%
1957 1 Jailhouse Rock 440,271,648
76%
1969 1 Suspicious Minds 431,218,868
76%
1956 1 Heartbreak Hotel 137,325,820
74%
1961 2 Can't Help Falling in Love 809,859,953
64%
1956 2 Love Me 22,119,570
64%
1972 2 Burning Love 289,881,690
60%
1969 3 In The Ghetto 170,344,847
56%
1956 1 Love Me Tender 77,488,146
56%
1956 20 Blue Suede Shoes 127,128,082
55%
1958 1 Don't 19,078,965
54%
1964 29 Viva Las Vegas 72,738,269
47%
2002 50 A Little Less Conversation 228,722,286
46%
1957 1 All Shook Up 119,684,286
44%
1956 1 Don't Be Cruel 143,635,444
44%
1962 2 Return to Sender 88,072,067
43%
1968 12 If I Can Dream 88,788,284
41%
1957 1 (Let Me Be Your) Teddy Bear 38,318,001
38%
1954 - That's All Right 48,980,473
38%
1960 1 It's Now or Never 83,244,519
36%
1960 1 Are You Lonesome Tonight 68,145,904
33%
1972 - Always on My Mind 167,681,405
32%
1963 3 (You're the) Devil in Disguise 138,446,297
32%
1970 16 Kentucky Rain 17,158,555
28%
1970 9 The Wonder of You 53,716,773
28%
1965 3 Crying in the Chapel 22,413,688
25%
1976 31 Moody Blue 31,273,579
23%
1977 18 Way Down 17,383,183
23%
1962 1 Good Luck Charm 30,570,251
22%
1978 - Unchained Melody 65,467,930
22%
1961 5 Little Sister 26,656,952
21%
1960 1 Stuck on You 45,793,798
21%
1959 1 A Big Hunk o' Love 20,377,094
20%
1961 4 (Marie's the Name) His Latest Flame 40,923,630
19%
1961 1 Surrender 26,141,796
19%
1957 19 When My Blue Moon Turns to Gold Again 2,076,820
18%
1963 8 Bossa Nova Baby 11,478,021
17%
1958 1 Hard Headed Woman 21,249,237
17%
1958 4 One Night 20,664,795
17%
1969 6 Don't Cry Daddy 16,521,831
16%
1957 20 Loving You 9,921,114
15%
1959 2 (Now and Then There's) A Fool Such as I 18,716,793
13%
1964 16 Such a Night 15,593,331
13%
1957 1 Too Much 21,867,108
13%
1956 1 I Want You, I Need You, I Love You 16,709,115
12%
1962 5 She's Not You 21,806,661
12%
1969 6 Rubberneckin' 18,002,557
11%
1975 20 My Boy 14,371,918
10%
1958 8 I Got Stung 4,121,080
9%
1957 19 Treat Me Nice 8,924,878
9%
1974 14 Promised Land 24,771,845
8%
1956 19 I Was the One 4,996,852
7%
1958 2 Wear My Ring Around Your Neck 4,930,829
6%
1958 8 I Beg of You 1,253,568
5%
1959 4 I Need Your Love Tonight 3,423,351
5%
1966 19 Love Letters 13,647,015
5%
1960 17 Fame and Fortune 8,762,388
4%
1960 20 I Gotta Know 2,844,551
4%
1973 17 Steamroller Blues 2,635,376
4%
1970 11 You Don't Have to Say You Love Me 8,574,915
4%
1961 5 I Feel So Bad 1,337,576
3%
1972 20 Separate Ways 2,803,827
3%
1963 11 One Broken Heart for Sale 1,067,324
1%
No matching quizzes found
Score Distribution
Percent of People with Each Score
Percentile by Number Answered
Your Score History
You have not taken this quiz